| 000 | 00874nam a2200229Ia 4500 | ||
|---|---|---|---|
| 003 | IN-BaIIA | ||
| 008 | 211028s9999 xx 000 0 eng d | ||
| 020 | _a92-9092-049-1 | ||
| 040 | _cIIA Library | ||
| 080 |
_a520.6.05(524.64) _bESA-A |
||
| 100 |
_aCourvoisier, Thierry J. -L _917924 |
||
| 245 | 0 |
_aIUE-ULDA access guide _bno. 4, vol. A, International ultraviolet explorer - uniform low dispersion archive active galactic nuclei _cThierry J.- L. Courvoisier; compiled by Stephane Paltani |
|
| 260 |
_aNetherlands _bEuropean Space Agency _c1992 |
||
| 300 | _a428p. | ||
| 490 | _aESA SP-1153 A | ||
| 650 |
_aActive galactic nuclei _96209 |
||
| 650 | _aAstronomy and astrophysics thesaurus | ||
| 650 |
_aInternational ultraviolet explorer _912266 |
||
| 650 |
_aIUE spectra _917925 |
||
| 700 |
_aPaltani, Stephane _917926 |
||
| 942 | _cBK | ||
| 999 |
_c10542 _d10542 |
||